Online
Catalog

Correspondencia consular inglesa sobre la anexión de Santo Domingo a España / (Record no. 38253)

MARC details
000 -CABECERA
campo de control de longitud fija 01411nam a2200277 a 4500
001 - NÚMERO DE CONTROL
campo de control 000038763
005 - FECHA Y HORA DE LA ÚLTIMA TRANSACCIÓN
campo de control 20240508073817.0
008 - DATOS DE LONGITUD FIJA--INFORMACIÓN GENERAL
campo de control de longitud fija 130422s2012 dr 000 0 spa d
020 ## - NÚMERO INTERNACIONAL ESTÁNDAR DEL LIBRO
Número Internacional Estándar del Libro 9789945074697
040 ## - FUENTE DE LA CATALOGACIÓN
Centro catalogador/agencia de origen DO-SdBNP
Lengua de catalogación spa
Centro/agencia transcriptor BNPHU
082 ## - NÚMERO DE LA CLASIFICACIÓN DECIMAL DEWEY
Número de clasificación 327.4207293
Número de documento/Ítem M375c
100 1# - ENTRADA PRINCIPAL--NOMBRE DE PERSONA
Nombre de persona Marte, Roberto
9 (RLIN) 12699
245 10 - MENCIÓN DE TÍTULO
Título Correspondencia consular inglesa sobre la anexión de Santo Domingo a España /
Mención de responsabilidad, etc. Roberto Marte.
260 ## - PUBLICACIÓN, DISTRIBUCIÓN, ETC.
Lugar de publicación, distribución, etc. Santo Domingo :
Nombre del editor, distribuidor, etc. Archivo General de la Nación,
Fecha de publicación, distribución, etc. 2012.
300 ## - DESCRIPCIÓN FÍSICA
Extensión 348 p. ;
Dimensiones 25 cm.
490 1# - MENCIÓN DE SERIE
Mención de serie Archivo General de la Nación ;
Designación de volumen o secuencia 176
504 ## - NOTA DE BIBLIOGRAFÍA, ETC.
Nota de bibliografía, etc. Incluye referencias bibliográficas y notas al pie de páginas.
505 0# - NOTA DE CONTENIDO CON FORMATO
Información miscelánea Introducción --
Título Correspondencia del Consulado inglés en Santo Domingo 1861-1864 --
-- Papeles relativos a la anexión de la parte este de Santo Domingo a España presentados a la Cámaras de los Comunes por orden de su Majestad --
Información miscelánea Incluye índice onomástico.
590 ## - NOTA LOCAL (RLIN)
Nota local Inventariado, 2018/BT
651 #4 - PUNTO DE ACCESO ADICIONAL DE MATERIA--NOMBRE GEOGRÁFICO
Nombre geográfico República Dominicana
Subdivisión general Historia Diplomática
9 (RLIN) 65064
651 #4 - PUNTO DE ACCESO ADICIONAL DE MATERIA--NOMBRE GEOGRÁFICO
Nombre geográfico República Dominicana
Subdivisión general Servicio Diplomático Y Consular
-- Historia
9 (RLIN) 65065
651 #4 - PUNTO DE ACCESO ADICIONAL DE MATERIA--NOMBRE GEOGRÁFICO
Nombre geográfico Inglaterra
Subdivisión general Servicio Diplomático Y Consular
-- Historia
9 (RLIN) 65066
651 #4 - PUNTO DE ACCESO ADICIONAL DE MATERIA--NOMBRE GEOGRÁFICO
Nombre geográfico República Dominicana
Subdivisión general Historia
Subdivisión cronológica ANEXIÓN A ESPAÑA, 1861-1865
9 (RLIN) 139
651 #0 - PUNTO DE ACCESO ADICIONAL DE MATERIA--NOMBRE GEOGRÁFICO
Nombre geográfico REPÚBLICA DOMINICANA
Subdivisión general HISTORIA
Subdivisión cronológica RESTAURACIÓN 1863-1865
9 (RLIN) 896
910 ## - DATOS DE OPCIÓN DEL USUARIO (OCLC)
Datos de opción del usuario Validado. Control de calidad. EMS
Holdings
Estado de retiro Estado de pérdida Restricciones de uso No para préstamo Código de colección Localización permanente Ubicación/localización actual Ubicación en estantería Fecha de adquisición Número de inventario Total de préstamos Signatura topográfica completa Código de barras Fecha visto por última vez Número de copia Precio válido a partir de Tipo de ítem Koha Nota pública
        Dominicana de Servicio General General Depósito 10.02.2014 LF1   327.4207293 M375c 38763-30 25.06.2020 e. 3 25.06.2020 Libro y Folleto Colección Dominicana de Servicio  
        Dominicana de Servicio General General Depósito 10.02.2014 LF1   327.4207293 M375c 38763-40 25.06.2020 e. 4 25.06.2020 Libro y Folleto Colección Dominicana de Servicio  
        Dominicana de Servicio General General Depósito 17.07.2015 LF1   327.4207293 M375c 38763-50 25.06.2020 e. 5 25.06.2020 Libro y Folleto Colección Dominicana de Servicio Perteneció a la biblioteca personal de Chiqui Vicioso / Fidelio Despradel.
      Excluido de préstamo Patrimonio Dominicano Patrimonio Dominicano Patrimonio Dominicano Depósito 22.04.2013 LF1   327.4207293 M375c 38763-10 25.06.2020   25.06.2020 Libro y Folleto Colección Patrimonio Dominicano  
      Excluido de préstamo Patrimonio Dominicano Patrimonio Dominicano Patrimonio Dominicano Depósito 10.02.2014 LF1   327.4207293 M375c 38763-20 25.06.2020 e. 2 25.06.2020 Libro y Folleto Colección Patrimonio Dominicano  

Powered by Koha